000
00394nam a22001697a 4500
003
MPLRDC
005
20220104114301.0
008
210129b ||||| |||| 00| 0 eng d
082
_a
857.27 PSL-2
100
_a
蒲松龄
245
_a
白话聊斋
_c
250
_a
初版
260
_a
_b
辅新书局
_c
1983
300
_b
平
650
_a
小说--笔记; 异闻
942
_c
BK
_o
857.27 PSL-2
999
_c
6282
_d
6272